Loading...
| History - European | 0 | 4 | 0 | 1 | 40 | 72 | 90.50 | 1 | 3 | 0.00 | 0.00 |
| Science - Other | 0 | 3 | 0 | 0 | 30 | 82 | 97.00 | 0 | 0 | 0.00 | 0.00 |
| Fine Arts - Other | 0 | 2 | 0 | 1 | 20 | 134 | 140.50 | 0 | 0 | 0.00 | 0.00 |
| Pop Culture | 0 | 2 | 0 | 0 | 20 | 83 | 90.50 | 0 | 0 | 0.00 | 0.00 |
| Science - Chemistry | 0 | 2 | 0 | 1 | 20 | 71 | 98.00 | 0 | 1 | 0.00 | 0.00 |
| Religion | 0 | 1 | 0 | 0 | 10 | 113 | 113.00 | 0 | 0 | 0.00 | 0.00 |
| Science - Physics | 0 | 1 | 0 | 0 | 10 | 111 | 111.00 | 0 | 0 | 0.00 | 0.00 |
| History - American | 0 | 2 | 2 | 0 | 10 | 92 | 110.50 | 0 | 1 | 0.00 | 0.00 |
| History - Other | 0 | 1 | 0 | 0 | 10 | 93 | 93.00 | 0 | 0 | 0.00 | 0.00 |
| Literature - European | 0 | 1 | 0 | 0 | 10 | 117 | 117.00 | 0 | 1 | 0.00 | 0.00 |
| Mythology | 0 | 1 | 0 | 0 | 10 | 141 | 141.00 | 0 | 1 | 0.00 | 0.00 |
| History - World | 0 | 1 | 1 | 0 | 5 | 121 | 121.00 | 0 | 0 | 0.00 | 0.00 |